[Event "Gorges op 18th"]
[Site "Gorges"]
[Date "2008.07.??"]
[Round "7"]
[White "Martin, Julien"]
[Black "Le Fol, Roland"]
[Result "1-0"]
[WhiteElo "1280"]
[BlackElo "1630"]
[PlyCount "20"]
[EventDate "2008.07.??"]
[EventType "swiss"]
[EventRounds "7"]
[EventCountry "FRA"]
[SourceTitle "CBM 125 Extra"]
[Source "ChessBase"]
[SourceDate "2008.09.01"]
[SourceVersion "1"]
[SourceVersionDate "2008.09.01"]
[SourceQuality "1"]

1. e4 e6 2. d4 d5 3. exd5 exd5 4. Nf3 Bg4 5. c4 Nf6 6. cxd5 Nxd5 7. Bc4 c6 8. 0-0 Nd7 9. Re1+ Be7 10. Qb3 N7b6 1-0

[Event "Gorges op 18th"]
[Site "Gorges"]
[Date "2008.07.??"]
[Round "4"]
[White "Martin, Julien"]
[Black "Riviere, Xavier"]
[Result "0-1"]
[WhiteElo "1280"]
[BlackElo "1804"]
[PlyCount "36"]
[EventDate "2008.07.??"]
[EventType "swiss"]
[EventRounds "7"]
[EventCountry "FRA"]
[SourceTitle "CBM 125 Extra"]
[Source "ChessBase"]
[SourceDate "2008.09.01"]
[SourceVersion "1"]
[SourceVersionDate "2008.09.01"]
[SourceQuality "1"]

1. e4 Nf6 2. Nc3 d5 3. e5 d4 4. exf6 dxc3 5. bxc3 gxf6 6. Bc4 Nc6 7. Ba3 Bg7 8. Nf3 0-0 9. 0-0 Kh8 10. Re1 Bg4 11. Re3 Bh6 12. Rd3 Qc8 13. Qe1 Bxf3 14. Bxe7 Nxe7 15. Qxe7 Bh5 16. Qxf6+ Bg7 17. Qh4 Qg4 18. Qe7 Qxc4 0-1